000 00642nam a2200169Ia 4500
008 110201s9999 xx 000 0 und d
082 _bB6551
_aKS 987
100 _aबोकिल वि.वि.
245 _aआमुची आयुध्ये आमचे राज्य
260 _bललित साहित्य प्रकाशन
365 _b3
600 _aबोकिल वि.वि.
630 _aआमुची आयुध्ये आमचे राज्य
700 _aबोकिल वि.वि.
730 _aआमुची आयुध्ये आमचे राज्य
942 _cBOOK
999 _c832163
_d832160